Mongolian diaspora - Statistics

General Stats
  • This quiz has been taken 144 times
  • The average score is 8 of 10
Answer Stats
Mongols Country % Correct
6,290,000+ China
100%
650,000+ Russia
97%
40,000+ South Korea
96%
18,000+ Japan
95%
19,000+ United States
95%
7,200+ Kazakhstan
88%
11,000+ Australia
68%
4,000+ Germany
65%
3,900+ Sweden
35%
6,000+ Czech Republic
19%
No matching quizzes found
Score Distribution
Percent of People with Each Score
Percentile by Number Answered
Your Score History
You have not taken this quiz